000 00798na a2200265 4500
001 16895
003 MIRAKIL
005 20181213154832.0
008 161017b tu 000 0
020 _a9757968447
035 _a16895
040 _aMilas
_btur
_cTR-AnCHP
041 _atur
082 _a342.07
_bK65t 2002
090 _a342.07 K65t 2002
110 _aKondrad Adenauer Vakfı
245 _aTürkiye ve Avrupa'da Siyasi Partiler Kanunu ve Seçim Yasası
_cKonrad Adenauer Vakfı
260 _aAnkara
_bKonrad Adenauer Vakfı
_c2002
300 _av, 61 s.
_c22 sm.
650 _aSiyasal partiler
_xHukuk ve mevzuat
_zTürkiye
650 _aSiyasal partiler
_xHukuk ve mevzuat
_zAvrupa
650 _aSeçim hukuku
_zTürkiye
650 _aSeçim hukuku
_zAvrupa
942 _2dcc
_cBKS
999 _c1708
_d1708